Tous les buteurs de l'OM 2024/25 - Statistiques

Statistiques générales
  • Ce quiz a été pris 17 fois
  • Le résultat moyen est 4 sur 19
Statistiques - réponses
Hint Réponse % Correct
21/1/1 Mason Greenwood
100%
10/0/0 Amine Gouiri
88%
9/1/0 Adrien Rabiot
50%
7/2/1 Luis Henrique
25%
4/0/0 Neal Maupay
19%
3/0/0 Elye Wahi
13%
3/0/0 Jonathan Rowe
13%
2/1/0 Pierre-Émile Hojbjerg
13%
2/0/2 Amine Harit
6%
1/0/0 Amir Murillo
6%
1/0/0 Bilal Nadir
6%
0/0/1 Faris Moumbagna
6%
0/0/1 Geoffrey Kondogbia
6%
0/0/1 Ismaël Koné
6%
0/0/1 Keyliane Abdallah
6%
1/0/0 Pol Lirola
6%
1/0/0 Quentin Merlin
6%
2/0/0 Ulisses Garcia
6%
3/0/0 Valentin Rongier
6%
Aucun quiz correspondant
Distribution des résultats
% des personnes avec chaque résultat
Percentile par nombre de réponses
Votre historique - résultats
Vous n’avez pas pris ce quiz